Game of Thrones Chraracters by Picture #2 - Statistics

General Stats
  • This quiz has been taken 159 times
  • The average score is 18 of 20
Answer Stats
Picture Answer % Correct
Gregor Clegane - "The Mountain"
100%
Robb Stark
97%
Khal Drogo
95%
Stannis Baratheon
95%
Tywin Lannister
95%
Jorah Mormont
93%
Margaery Tyrell
92%
Ser Bronn of the Blackwater
92%
Hodor
91%
Ramsay Bolton
91%
Ygritte
88%
Catelyn Stark
86%
Podrick Payne
86%
Shae
86%
Walder Frey
84%
Gilly
80%
Tormund Giantsbane
78%
Yara Greyjoy
77%
Gendry Baratheon
73%
Robert Baratheon
72%
No matching quizzes found
Score Distribution
Percent of People with Each Score
Percentile by Number Answered
Your Score History
You have not taken this quiz